000
00212 a2200097 4500
001
32722
100
_a
Montgomery
245
_a
Portraits From Memory
260
_a
London
_b
G A & Unwing
_c
090
_c
21921
_d
21921
942
_a
NUST-CAE
_c
M
_c
13249
999
_c
267795
_d
267795